LIBRARY & INFORMATION CENTRE, KCAET, TAVANUR

ONLINE PUBLIC ACCESS CATALOGUE (OPAC)

Groundwater Modeling:Using Geographical Information Systems (Record no. 14412)

MARC details
000 -LEADER
fixed length control field 00322nam a22001217a 4500
020 ## - INTERNATIONAL STANDARD BOOK NUMBER
ISBN 9788126539895
082 ## - DEWEY DECIMAL CLASSIFICATION NUMBER
Classification number 551.49
Item number PIN/GR
100 ## - MAIN ENTRY--AUTHOR NAME
Personal name Pinder,George F.
245 ## - TITLE STATEMENT
Title Groundwater Modeling:Using Geographical Information Systems
260 ## - PUBLICATION, DISTRIBUTION, ETC. (IMPRINT)
Place of publication New Delhi
Name of publisher Wiley India Pvt.Ltd
Year of publication 2013
300 ## - PHYSICAL DESCRIPTION
Number of Pages 233
942 ## - ADDED ENTRY ELEMENTS (KOHA)
Koha item type Books
Holdings
Withdrawn status Lost status Damaged status Collection code Home library Current library Shelving location Date acquired Source of acquisition Cost, normal purchase price Full call number Accession Number Koha item type
        KAUAET KAUAET General Stacks 29/06/2016 Cosmo Book House, Thrissur. 995.00 551.49 PIN/GR 23984 Books
free website counter